dorpen en steden in Zuid-Holland - Statistieken

Algemene statistieken
  • Deze quiz is 34 keer genomen
  • De gemiddelde score is 49 van 398
Antwoordstatistieken
Hint Antwoord % Correct
Gemeente: Delft Delft
79%
Gemeente: Dordrecht Dordrecht
75%
Gemeente: Hellevoetsluis Hellevoetsluis
71%
Gemeente: Rotterdam Rotterdam
71%
Gemeente: Sliedrecht Sliedrecht
71%
Gemeente: Zwijndrecht Zwijndrecht
71%
Gemeente: Alphen aan den Rijn Alphen aan den Rijn
67%
Gemeente: Barendrecht Barendrecht
67%
Gemeente: Brielle Brielle
67%
Gemeente: Leiden Leiden
67%
Gemeente: Gouda Gouda
63%
Gemeente: Katwijk Katwijk
63%
Gemeente: Wassenaar Wassenaar
63%
Gemeente: Bodegraven-Reeuwijk Bodegraven
58%
Gemeente: Hillegom Hillegom
58%
Gemeente: Lisse Lisse
58%
Gemeente: Pijnacker-Nootdorp Nootdorp
58%
Gemeente: Ridderkerk Ridderkerk
58%
Gemeente: Gorinchem Gorinchem
54%
Gemeente: Leidschendam-Voorburg Leidschendam
54%
Gemeente: Papendrecht Papendrecht
54%
Gemeente: Pijnacker-Nootdorp Pijnacker
54%
Gemeente: Schiedam Schiedam
54%
Gemeente: Zoetermeer Zoetermeer
54%
Gemeente: Alblasserdam Alblasserdam
50%
Gemeente: Hendrik-Ido-Ambacht Hendrik-Ido-Ambacht
50%
Gemeente: Nissewaard Spijkenisse
50%
Gemeente: Capelle aan den IJssel Capelle aan den IJssel
46%
Gemeente: Rotterdam Hoek van Holland
46%
Gemeente: Kaag en Braassem Kaag
46%
Gemeente: Leiderdorp Leiderdorp
46%
Gemeente: Maassluis Maassluis
46%
Gemeente: Westland Monster
46%
Gemeente: Nieuwkoop Nieuwkoop
46%
Gemeente: Alphen aan den Rijn Boskoop
42%
Gemeente: Krimpenerwaard Krimpen aan de Lek
42%
Gemeente: Noordwijk Noordwijkerhout
42%
Gemeente: Hoeksche Waard Oud-Beijerland
42%
Gemeente: Rijswijk Rijswijk
42%
Gemeente: Krimpenerwaard Schoonhoven
42%
Gemeente: 's-Gravenhage 's-Gravenhage
42%
Gemeente: Vlaardingen Vlaardingen
42%
Gemeente: Leidschendam-Voorburg Voorburg
42%
Gemeente: Voorschoten Voorschoten
42%
Gemeente: Waddinxveen Waddinxveen
42%
Gemeente: Lansingerland de Rotte
38%
Gemeente: Hardinxveld-Giessendam Hardinxveld-Giessendam
38%
Gemeente: Westland Naaldwijk
38%
Gemeente: Hoeksche Waard Nieuw-Beijerland
38%
Gemeente: Oegstgeest Oegstgeest
38%
Gemeente: Rotterdam Hoogvliet
33%
Gemeente: Krimpenerwaard Lekkerkerk
33%
Gemeente: Rotterdam Pernis
33%
Gemeente: 's-Gravenhage Scheveningen
33%
Gemeente: Molenlanden Arkel
29%
Gemeente: Lansingerland Bleiswijk
29%
Gemeente: Alphen aan den Rijn Hazerswoude-Dorp
29%
Gemeente: Krimpen aan den IJssel Krimpen aan den IJssel
29%
Gemeente: Goeree-Overflakkee Ouddorp
29%
Gemeente: Hoeksche Waard Puttershoek
29%
Gemeente: Katwijk Rijnsburg
29%
Gemeente: Westvoorne Rockanje
29%
Gemeente: Nieuwkoop ter Aar
29%
Gemeente: Hardinxveld-Giessendam Boven-Hardinxveld
25%
Gemeente: Hoeksche Waard Klaaswaal
25%
Gemeente: Hoeksche Waard Maasdam
25%
Gemeente: Zuidplas Nieuwerkerk aan den IJssel
25%
Gemeente: Westvoorne Oostvoorne
25%
Gemeente: Albrandswaard Rhoon
25%
Gemeente: Hoeksche Waard 's-Gravendeel
25%
Gemeente: Hoeksche Waard Strijen
25%
Gemeente: Hoeksche Waard Zuid-Beijerland
25%
Gemeente: Lansingerland Berkel en Rodenrijs
21%
Gemeente: Molenlanden Bleskensgraaf
21%
Gemeente: Alphen aan den Rijn Hazerswoude-Rijndijk
21%
Gemeente: Hoeksche Waard | Gemeente: Westland Maasdijk
21%
Gemeente: Molenlanden Noordeloos
21%
Gemeente: Noordwijk Noordwijk aan Zee
21%
Gemeente: Hoeksche Waard Numansdorp
21%
Gemeente: Westland Poeldijk
21%
Gemeente: Teylingen Sassenheim
21%
Gemeente: Teylingen Warmond
21%
Gemeente: Kaag en Braassem | Gemeente: Zuidplas Zevenhuizen
21%
Gemeente: Alphen aan den Rijn Bent
17%
Gemeente: Alphen aan den Rijn Benthuizen
17%
Gemeente: Krimpenerwaard Bergambacht
17%
Gemeente: Gorinchem Dalem
17%
Gemeente: Westland de Lier
17%
Gemeente: Noordwijk De Zilk
17%
Gemeente: Goeree-Overflakkee Dirksland
17%
Gemeente: Molenlanden Giessenburg
17%
Gemeente: Molenlanden Goudriaan
17%
Gemeente: Krimpenerwaard Haastrecht
17%
Gemeente: Nissewaard Heenvliet
17%
Gemeente: Zwijndrecht Heerjansdam
17%
Gemeente: Goeree-Overflakkee Melissant
17%
Gemeente: Goeree-Overflakkee Middelharnis
17%
Gemeente: Hoeksche Waard Mijnsheerenland
17%
Gemeente: Molenlanden Molenaarsgraaf
17%
Gemeente: Zuidplas Moordrecht
17%
Gemeente: Molenlanden Ottoland
17%
Gemeente: Kaag en Braassem Oud Ade
17%
Gemeente: Goeree-Overflakkee Oude-Tonge
17%
Gemeente: Midden-Delfland Schipluiden
17%
Gemeente: Westland 's-Gravenzande
17%
Gemeente: Katwijk Valkenburg
17%
Gemeente: Teylingen Voorhout
17%
Gemeente: Hoeksche Waard Westmaas
17%
Gemeente: Molenlanden Wijngaarden
17%
Gemeente: Alphen aan den Rijn Zwammerdam
17%
Gemeente: Molenlanden Brandwijk
13%
Gemeente: Pijnacker-Nootdorp Delfgauw
13%
Gemeente: Midden-Delfland den Hoorn
13%
Gemeente: Nissewaard Geervliet
13%
Gemeente: Goeree-Overflakkee Goedereede
13%
Gemeente: Krimpenerwaard Gouderak
13%
Gemeente: Hoeksche Waard Goudswaard
13%
Gemeente: Westland Honselersdijk
13%
Gemeente: Alphen aan den Rijn Hoorn
13%
Gemeente: Molenlanden Hoornaar
13%
Gemeente: Molenlanden Kinderdijk
13%
Gemeente: Midden-Delfland Maasland
13%
Gemeente: Zuidplas Moerkapelle
13%
Gemeente: Hoeksche Waard Mookhoek
13%
Gemeente: Hoeksche Waard Nieuwendijk
13%
Gemeente: Goeree-Overflakkee Nieuwe-Tonge
13%
Gemeente: Molenlanden Nieuwpoort
13%
Gemeente: Nieuwkoop Nieuwveen
13%
Gemeente: Goeree-Overflakkee Ooltgensplaat
13%
Gemeente: Hellevoetsluis Oudenhoorn
13%
Gemeente: Kaag en Braassem Oude Wetering
13%
Gemeente: Kaag en Braassem Roelofarendsveen
13%
Gemeente: Rotterdam Rozenburg
13%
Gemeente: Molenlanden Schelluinen
13%
Gemeente: Goeree-Overflakkee Sommelsdijk
13%
Gemeente: Goeree-Overflakkee den Bommel
13%
Gemeente: Goeree-Overflakkee Stellendam
13%
Gemeente: Krimpenerwaard Stolwijk
13%
Gemeente: Hoeksche Waard Strijensas
13%
Gemeente: Hoeksche Waard Tiengemeten
13%
Gemeente: Westvoorne Tinte
13%
Gemeente: Krimpenerwaard Vlist
13%
Gemeente: Kaag en Braassem Woubrugge
13%
Gemeente: Zoeterwoude Zoeterwoude-Dorp
13%
Gemeente: Zoeterwoude Zoeterwoude-Rijndijk
13%
Gemeente: Brielle Zwartewaal
13%
Gemeente: Hoeksche Waard de Klem
8%
Gemeente: Hoeksche Waard de Wacht
8%
Gemeente: Hoeksche Waard Goidschalxoord
8%
Gemeente: Molenlanden Groot-Ammers
8%
Gemeente: Hoeksche Waard Heinenoord
8%
Gemeente: Goeree-Overflakkee Herkingen
8%
Gemeente: Molenlanden Hoogblokland
8%
Gemeente: Kaag en Braassem Hoogmade
8%
Gemeente: Westland Kwintsheul
8%
Gemeente: Molenlanden Langerak
8%
Gemeente: Kaag en Braassem Leimuiden
8%
Gemeente: Kaag en Braassem Nieuwe Wetering
8%
Gemeente: Molenlanden Nieuw-Lekkerland
8%
Gemeente: Nieuwkoop Noorden
8%
Gemeente: Noordwijk Noordwijk-Binnen
8%
Gemeente: Hoeksche Waard Piershil
8%
Gemeente: Albrandswaard Poortugaal
8%
Gemeente: Bodegraven-Reeuwijk Reeuwijk-Dorp
8%
Gemeente: Kaag en Braassem Rijnsaterwoude
8%
Gemeente: Hoeksche Waard Schuring
8%
Gemeente: Goeree-Overflakkee Stad aan 't Haringvliet
8%
Gemeente: Molenlanden Streefkerk
8%
Gemeente: Westland ter Heijde
8%
Gemeente: Brielle Vierpolders
8%
Gemeente: Molenlanden Vuilendam
8%
Gemeente: Westland Wateringen
8%
Gemeente: Hoeksche Waard Zinkweg
8%
Gemeente: Nissewaard Zuidland
8%
Gemeente: Bodegraven-Reeuwijk | Gemeente: Goeree-Overflakkee | Gemeente: Hoeksche Waard Zuidzijde
8%
Gemeente: Ridderkerk Zwet
8%
Gemeenten: Midden-Delfland en Rotterdam Zweth
8%
Gemeente: Nissewaard Abbenbroek
4%
Gemeente: Goeree-Overflakkee Achthuizen
4%
Gemeente: Krimpenerwaard Ammerstol
4%
Gemeente: Goeree-Overflakkee Battenoord
4%
Gemeente: Lansingerland Bergschenhoek
4%
Gemeente: Krimpenerwaard Bergstoep
4%
Gemeente: Nissewaard Biert
4%
Gemeente: Ridderkerk Bolnes
4%
Gemeente: Hoeksche Waard Bommelskous
4%
Gemeente: Hoeksche Waard Cillaarshoek
4%
Gemeente: Molenlanden de Donk
4%
Gemeente: Lisse de Engel
4%
Gemeente: Zouterwoude Gelderswoude
4%
Gemeente: Hoeksche Waard Greup
4%
Gemeente: Alphen aan den Rijn Groenendijk
4%
Gemeente: Goeree-Overflakkee Havenhoofd
4%
Gemeente: Westland Heenweg
4%
Gemeente: Rotterdam Heijplaat
4%
Gemeente: Nissewaard Hekelingen
4%
Gemeente: Westvoorne Helhoek
4%
Gemeente: Hoeksche Waard Hitsertse Kade
4%
Gemeente: Rotterdam Kandelaar
4%
Gemeente: Nieuwkoop Korteraar
4%
Gemeente: Westvoorne Kruiningergors
4%
Gemeente: Hoeksche Waard Kuipersveer
4%
Gemeente: Nieuwkoop Langeraar
4%
Gemeente: Goeree-Overflakkee Langstraat
4%
Gemeente: Hellevoetsluis Nieuwenhoorn
4%
Gemeente: Bodegraven-Reeuwijk Nieuwerbrug
4%
Gemeente: Lansingerland | Gemeente: Nieuwkoop Noordeinde
4%
Gemeente: Goeree-Overflakkee Oostdijk
4%
Gemeente: Molenlanden Oud-Alblas
4%
Gemeente: Krimpenerwaard Ouderkerk aan den IJssel
4%
Gemeente: Nieuwkoop Papenveer
4%
Gemeente: Bodegraven-Reeuwijk Reeuwijk-Brug
4%
Gemeente: Kaag en Braassem Rijpwetering
4%
Gemeente: Ridderkerk Rijsoord
4%
Gemeente: Hoeksche Waard Schenkeldijk (Strijen)
4%
Gemeente: Hoeksche Waard Schenkeldijk (Zuid-Beijerland)
4%
Gemeente: Nissewaard Simonshaven
4%
Gemeente: Hoeksche Waard Sint Anthoniepolder
4%
Gemeente: Hoeksche Waard Steenplaats
4%
Gemeente: Krimpenerwaard Stein
4%
Gemeente: Gouda Stolwijkersluis
4%
Gemeente: Westvoorne Strype
4%
Gemeente: Westvoorne Stuifakker
4%
Gemeente: Teylingen Teijlingen
4%
Gemeente: Bodegraven-Reeuwijk Tempel
4%
Gemeente: Hellevoetsluis Vlotbrug
4%
Gemeente: Nieuwkoop Woerdense Verlaat
4%
Gemeente: Nieuwkoop Zevenhoven
4%
Gemeente: Hoeksche Waard Zwanegat
4%
Gemeente: Hoeksche Waard Zwartsluisje
4%
Gemeente: Alphen aan den Rijn Aarlanderveer
0%
Gemeente: Delft Abtswoude
0%
Gemeente: Krimpenerwaard Achterbroek
0%
Gemeente: Zwijndrecht Achter-Lindt
0%
Gemeente: Nieuwkoop Achttienhoven
0%
Gemeente: Hillegom Arnoud
0%
Gemeente: Westland Baakwoning
0%
Gemeente: Sliedrecht Baanhoek
0%
Gemeente: Barendrecht Barendrechtse Veer
0%
Gemeente: Nissewaard Beerenplaat
0%
Gemeente: Krimpenerwaard Benedenberg
0%
Gemeente: Krimpenerwaard Beneden-Haastrecht
0%
Gemeente: Krimpenerwaard Benedenheul
0%
Gemeente: Krimpenerwaard Benedenkerk
0%
Gemeente: Krimpenerwaard Berkenwoude
0%
Gemeente: Kaag en Braassem Bilderdam
0%
Gemeente: Hoeksche Waard Blaaksedijk
0%
Gemeente: Westland Blaker
0%
Gemeente: Nieuwkoop Blokland
0%
Gemeente: Krimpenerwaard Bonrepas
0%
Gemeente: Krimpenerwaard Bovenberg
0%
Gemeente: Krimpenerwaard Boven-Haastrecht
0%
Gemeente: Krimpenerwaard Bovenkerk
0%
Gemeente: Midden-Delfland Burgersdijk
0%
Gemeente: Westland de Driesprong
0%
Gemeente: Krimpenerwaard de Hem
0%
Gemeente: Noordwijk de Klei
0%
Gemeente: Gorinchem de Kooi
0%
Gemeenten: Bodegraven-Reeuwijk, Nieuwkoop en het Utrechtse Woerden de Meije
0%
Gemeente: Wassenaar den Deijl
0%
Gemeente: Molenlanden den Dool
0%
Gemeente: Katwijk de Pan
0%
Gemeente: Alphen aan den Rijn de Roemer
0%
Gemeente: Bodegraven-Reeuwijk Driebruggen
0%
Gemeente: Midden-Delfland Gaag-Maasland
0%
Gemeente: Midden-Delfland Gaag-Schipluiden
0%
Gemeente: Molenlanden Gelkenes
0%
Gemeente: Molenlanden Giessen-Oudekerk
0%
Gemeente: Molenlanden Gijbeland
0%
Gemeente: Alphen aan den Rijn Gnephoek
0%
Gemeente: Pijnacker-Nootdorp Gooland
0%
Gemeente: Krimpenerwaard Goudseweg
0%
Gemeente: Molenlanden Graafland
0%
Gemeente: Rotterdam Groeneweg
0%
Gemeente: Zuidplas Groot Hitland
0%
Gemeente: 's-Gravenhage Haagoord
0%
Gemeente: Lisse Halfweg
0%
Gemeente: Alphen aan den Rijn Heimansbuurt
0%
Gemeente: Zuidplas Hitland
0%
Gemeente: Midden-Delfland Hodenpijl
0%
Gemeente: Alphen aan den Rijn Hogeveen
0%
Gemeente: Zuidplas Hollevoeterbrug
0%
Gemeente: Krimpenerwaard IJssellaan
0%
Gemeente: Hellevoetsluis IJzerenbrug
0%
Gemeente: Krimpenerwaard Kadijk
0%
Gemeente: Pijnacker-Nootdorp Katwijkerlaan
0%
Gemeente: Hoeksche Waard Keizersdijk
0%
Gemeente: Schiedam Kerkbuurt
0%
Gemeente: Zwijndrecht Kijfhoek
0%
Gemeente: Delft Klein-Delfgauw
0%
Gemeente: Zwijndrecht Kleine-Lindt
0%
Gemeente: Zuidplas Klein Hitland
0%
Gemeente: Teylingen Klinkenberg
0%
Gemeente: Barendrecht Koedood
0%
Gemeente: Molenlanden Kooiwijk
0%
Gemeente: Krimpenerwaard Koolwijk
0%
Gemeente: Dordrecht Kop van 't Land
0%
Gemeente: Zuidplas Kortenoord
0%
Gemeente: Alblasserdam Kortland
0%
Gemeente: Alphen aan den Rijn Koudekerk aan den Rijn
0%
Gemeente: Rotterdam Kralingse Veer
0%
Gemeente: Lansingerland Kruisweg
0%
Gemeente: Krimpenerwaard Lageweg
0%
Gemeente: Bodegraven-Reeuwijk Langeweide
0%
Gemeente: Midden-Delfland Lierhand
0%
Gemeente: Molenlanden Liesveld
0%
Gemeente: Alphen aan den Rijn Loete
0%
Tegenwoordig deel van Den Haag Loosduinen
0%
Gemeente: Wassenaar Maaldrift
0%
Gemeente: Westland Mariëndijk
0%
Gemeente: Papendrecht Matena
0%
Gemeente: Bodegraven-Reeuwijk Middelburg
0%
Gemeente: Hoeksche Waard Middelsluis
0%
Gemeente: Molenlanden Minkeloos
0%
Gemeente: Midden-Delfland Negenhuizen
0%
Gemeente: Westland Nieuwe Tuinen
0%
Gemeente: Nieuwkoop Noordse Buurt
0%
Gemeente: Nieuwkoop Noordse Dorp
0%
Gemeente: Bodegraven-Reeuwijk Noordzijde
0%
Gemeente: Pijnacker-Nootdorp Noukoop
0%
Gemeente: Kaag en Braassem Ofwegen
0%
Gemeente: Westland Oostbuurt
0%
Gemeente: Papendrecht Oosteind
0%
Gemeente: Bodegraven-Reeuwijk | Gemeente: Teylingen Oosteinde
0%
Gemeente: Ridderkerk Oostendam
0%
Gemeente: Hoeksche Waard Oosthoek
0%
Gemeente: Krimpenerwaard Opperduit
0%
Gemeente: Bodegraven-Reeuwijk Oud-Bodegraven
0%
Gemeente: Krimpenerwaard Oudeland
0%
Gemeente: Pijnacker-Nootdorp Oude Leede
0%
Gemeente: Ridderkerk Oude Molen
0%
Gemeente: Hoeksche Waard Oudendijk (Goudswaard)
0%
Gemeente: Hoeksche Waard Oudendijk (Strijen)
0%
Gemeente: Bodegraven-Reeuwijk Oud-Reeuwijk
0%
Gemeente: Zuidplas Oud Verlaat
0%
Gemeente: Bodegraven-Reeuwijk Oukoop
0%
Gemeente: Molenlanden Overslingeland
0%
Gemeente: Leidschendam-Voorburg Park Leeuwenbergh
0%
Gemeente: Molenlanden Pinkenveer
0%
Gemeente: Bodegraven-Reeuwijk Platteweg
0%
Gemeente: Bodegraven-Reeuwijk Randenburg
0%
Gemeente: Hoeksche Waard Reedijk
0%
Gemeente: Alphen aan den Rijn Ridderbuurt
0%
Gemeente: Alphen aan den Rijn | Gemeente: Molenlanden Rietveld
0%
Gemeente: Zoetermeer Roeleveen
0%
Gemeente: Westland Rolpaal
0%
Gemeente: Noordwijk Ruigenhoek
0%
Gemeente: Krimpenerwaard Schoonouwen
0%
Gemeente: Krimpenerwaard Schuwacht
0%
Gemeente: Zuidplas 's-Gravenweg
0%
Gemeente: Rijswijk Sion
0%
Gemeente: Ridderkerk Slikkerveer
0%
Gemeente: Bodegraven-Reeuwijk Sluipwijk
0%
Gemeente: Barendrecht Smitshoek
0%
Gemeente: Alphen aan den Rijn 's-Molenaarsbuurt
0%
Gemeente: Alphen aan den Rijn Spoelwijk
0%
Gemeente: Leidschendam-Voorburg Stompwijk
0%
Gemeente: Krimpen aan den IJssel Stormpolder
0%
Gemeente: Rijswijk Strijp
0%
Gemeente: Krimpenerwaard 't Beijersche
0%
Gemeente: Rotterdam Terbregge
0%
Gemeente: Midden-Delfland ter Lucht
0%
Gemeente: Rijswijk 't Haantje
0%
Gemeente: Krimpenerwaard Tussenlanen
0%
Gemeente: Dordrecht Tweede Tol
0%
Gemeente: Nissewaard Tweede Vlotbrug
0%
Gemeente: Midden-Delfland 't Woudt
0%
Gemeente: Pijnacker-Nootdorp Vlieland
0%
Gemeente: Alphen aan den Rijn Voorweg
0%
Gemeente: Kaag en Braassem Vriezekoop
0%
Gemeente: Nieuwkoop Vrouwenakker
0%
Gemeente: Hoeksche Waard Vuurbaken
0%
Gemeente: Bodegraven-Reeuwijk Waarder
0%
Gemeente: Bodegraven-Reeuwijk Weijland
0%
Gemeente: Bodegraven-Reeuwijk Weijpoort
0%
Gemeente: Zoeterwoude Weipoort
0%
Gemeente: Hoeksche Waard Westdijk
0%
Gemeente: Alphen aan den Rijn | Gemeente: Zoeterwoude Westeinde
0%
Gemeente: Westland Westerlee
0%
Gemeente: Ridderkerk Wevershoek
0%
Gemeente: Dordrecht Wieldrecht
0%
Gemeente: Dordrecht Willemsdorp
0%
Gemeente: Krimpenerwaard Willige Langerak
0%
Gemeente: Leidschendam-Voorburg Wilsveen
0%
Gemeente: Schiedam Windas
0%
Gemeente: Midden-Delfland Zouteveen
0%
Gemeente: Krimpenerwaard Zuidbroek
0%
Gemeente: Zoeterwoude Zuidbuurt
0%
Gemeente: Nieuwkoop Zuideinde
0%
Gemeente: Ridderkerk Zwaantje
0%
Geen overeenkomende quizzen gevonden
Scoreverdeling
Procent van Mensen met Elke Score
Percentiel versus Aantal Correcte Antwoorden
Uw Scoregeschiedenis
U heeft deze quiz nog niet genomen